Ölü bölgeden yankılar (Record no. 10031)

MARC details
000 -BAŞLIK
Sabit Uzunlukta Kontrol Alanı 01152na a2200349 4500
001 - KONTROL NUMARASI
Denetim Alanı 14592
003 - KONTROL NUMARASI IDENTIFIER
Denetim Alanı MIRAKIL
005 - SON İŞLEM TARİHİ VE ZAMANI
Denetim Alanı 20181213155304.0
008 - SABİT-BOY VERİ ELEMANLARI - GENEL BİLGİLER
Sabit Uzunlukta Kontrol Alanı 161031b tu 000 0
020 ## - ULUSLARARASI STANDART KİTAP NUMARASI
Uluslararası Standart Kitap Numarası 9786053990819
035 ## - SİSTEM KONTROL NUMARASI
Sistem Kontrol Numarası 14592
040 ## - KATALOGLAMA KAYNAK
Orijinal Kataloglama Ajansı Milas
Kataloglama Dili tur
Metne Dönüştürmek Ajansı TR-AnCHP
041 ## - DİL KODU
Metin / Ses Parça Veya Ayrı Başlığın Dil Kodu tur
082 ## - DEWEY ONLU SINIFLANDIRMA NUMARASI
Sınıflandırma Numarası 956.9304
Ürün Numarası P26ö 2009
090 ## - SINIFLAMA NUMARASI
Sınıflama Numarası 956.9304 P26ö 2009
100 ## - ANA GİRİŞ - KİŞİSEL İSİM
Kişisel Ad Papadakis, Yiannis
245 ## - BAŞLIK TABLOSU
Başlık Ölü bölgeden yankılar
Başlığın Kalan Kıbrıs'ın bölünmüşlüğünü aşmak
Sorumluluk Tablosu, Vb Yiannis Papadakis ; Çeviren Burcu Sunar ; Kıbrıs Türk ağzına çeviren Hatice Safa ; Yayına Hazırlayan Belgin Çınar
246 ## - UNVAN FORM VARYING
Başlık Doğru / Kısa Başlığı Kıbrıs'ın bölünmüşlüğünü aşmak
260 ## - YAYIN, DAĞITIM, VB
Yayın, Dağıtım, Vb Yeri İstanbul
Yayıncı, Dağıtıcı, Vs Adı İstanbul Bilgi Üniversitesi Yayınları
Yayın, Dağıtım, Vb Tarihi 2009
300 ## - FİZİKSEL TANIM
Kapsam xiv, 312 s.
Boyutlar 24 sm.
490 ## - SERİSİ TABLOSU
Seri Beyanı Dün-Bugün
Hacim / Ardışık Tanımı 20
490 ## - SERİSİ TABLOSU
Seri Beyanı İstanbul Bilgi Üniversitesi yayınları
Hacim / Ardışık Tanımı 235
504 ## - KAYNAKÇA VB NOT
Kaynakça Vb Notu Kaynakça var
650 ## - KONU KATMA GİRİŞ - TOPİKAL DÖNEM
Topikal Süreli Veya Coğrafi Ad Giriş Elemanı Kıbrıs sorunu
650 ## - KONU KATMA GİRİŞ - TOPİKAL DÖNEM
Topikal Süreli Veya Coğrafi Ad Giriş Elemanı Kıbrıs Türkleri
651 ## - KONU KATMA GİRİŞ - COĞRAFİ ADI
Coğrafi İsim Kıbrıs
Genel Alt Bölümü Tarih
651 ## - KONU KATMA GİRİŞ - COĞRAFİ ADI
Coğrafi İsim Kıbrıs Adası
Genel Alt Bölümü Tarih
700 ## - KATMA GİRİŞ - KİŞİSEL İSİM
Kişisel Ad Çınar, Belgin
700 ## - KATMA GİRİŞ - KİŞİSEL İSİM
Kişisel Ad Safa, Hatice
700 ## - KATMA GİRİŞ - KİŞİSEL İSİM
Kişisel Ad Sunar, Burcu
942 ## - EKLENDİ GİRİŞ ELEMANLARI (KOHA)
Sınıflandırma Veya Raf Düzeni Kaynak
Koha Öğesi Türü Books
999 ## - SİSTEM KONTROL NUMARALARI (KOHA)
Koha Biblionumber 10031
Koha Biblioitemnumber 10031
Holdings
Kalıcı Konum Mevcut Konum Edinme Tarihi Edinim Kaynak Toplam Check-Out'Lar Tam Çağrı Numarası Barkod Tarih Son Görülme İtibaren Geçerli Fiyatlar Koha Öğesi Türü
CHP Kütüphanesi CHP Kütüphanesi 08/29/2016 Bağış   956.9304 P26ö 2009 001441 08/29/2016 08/29/2016 Books